zpět

Detail výsledku týmu

Sen Viet, Jirkov

Datum a čas kvízu

33 Celkem bodů Celkový počet nahraných bodů na tomto kvízu bez doplňovacích otázek.
5. Pořadí na kvízu Konečné umístění týmu na tomto kvízu.

Zaznamenané odpovědi

# Otázka Odpověď Body Výsledky
1. Z České strany sociálně demokr... Jaroslav Foldyna 1
2. Slovensko míří k výrazné polit... Igor Matovič 1
3. V pátek byly v Paříži uděleny... Roman Polański 1
4. Akcionáři jedné mediální spole... CME, PPF 1
5. V Anglii, Skotsku a Severním... hlavičkování 1
6. Peníze máme v ruce každý den,... Česká národní banka 1
7. Které dvě osobnosti mají jméno... D 1
8. Celkem kolikrát je na obou str... čtyřikrát 1
9. Kolik Kč činí nominální hodnot... 2 000 Kč 0
10. Které z mincí o hodnotě 1 až 5... všechny 0